000 01063nmm a2200325 a 4500
003 AR-BaBNM
005 20251128211052.0
008 282020s1989 ||||||||||||||000 | spa||
040 _cAR-BaBNM
110 2 _aCírculo Yoga Swami Pranavananda [Buenos Aires]
245 1 0 _aHomenaje al célebre maestro Swami Pranavananda Saraswati
_b35 años de labor mundial humanitaria en testimonio fotográfico
250 _a1ª ed.
260 _aBuenos Aires
_bCírculo Yoga Swami Pranavananda
_bMovimiento para la Paz Universal
_c1989
300 0 _a702 p.=300 0#
_bfot., il., facs.
600 0 4 _aPranavananda Saraswati
650 4 _aBIOGRAFIAS
650 4 _aHUMANISMO
650 4 _aSIGLO VEINTIUNO
650 4 _aPAZ
650 4 _aHINDUISMO
653 0 _aYOGA
655 _aBIOGRAFIAS
700 1 _aGnídica, María Rosa
_ediseño
700 1 _aGuiñas, Héctor
_efotógrafo
700 1 _aGates, Angelika
_eilustrador
710 2 _aInstituto para el progreso de la mujer
710 2 _aMovimiento para la paz universal
942 _cBK
998 _calicia
999 _c18093
_d18093